| 000 | 00400nam a2200121Ia 4500 | ||
|---|---|---|---|
| 008 | 170221s9999 xx 000 0 und d | ||
| 100 | _aSanja Ajzerle | ||
| 245 | _aIs Financial Capability Related to the Effective Use of Debt in Australia? | ||
| 245 | _cSanja Ajzerle, Mark Brimble, and Brett Freudenberg | ||
| 260 | _c2013 | ||
| 650 | _xBusiness | ||
| 856 | _uhttp://ro.uow.edu.au/aabfj/vol7/iss3/7/ | ||
| 999 |
_c309600 _d309600 |
||